[Event "Elit(Wasa-Limhamn)"]
[Site "?"]
[Date "2007.03.16"]
[Round "9"]
[White "Brynell, Stellan"]
[Black "Wedberg, Tom"]
[Result "1-0"]
[WhiteElo "2619"]
[BlackElo "2568"]
[PlyCount "93"]
[EventDate "2007.??.??"]
[SourceDate "2007.03.17"]

1. Nf3 Nf6 2. d4 e6 3. c4 c5 4. d5 d6 5. Nc3 exd5 6. cxd5 g6 7. e4 a6 8. a4 Bg4
9. Be2 Bxf3 10. Bxf3 Bg7 11. O-O O-O 12. Re1 Nbd7 13. Be2 Re8 14. Bf1 Rc8 15.
a5 h5 16. h3 Nh7 17. Ra4 Ra8 18. Be3 Be5 19. Qd2 Qc7 20. Qc2 Bg7 21. Nb1 Qd8
22. Nd2 Nhf6 23. Raa1 Rc8 24. Bg5 Qc7 25. Nc4 Nh7 26. Bd2 Re7 27. f4 Ree8 28.
Be2 Bd4+ 29. Kh1 Rb8 30. Bf3 Bg7 31. Rad1 Rbc8 32. Re2 Qb8 33. Qb3 Bf6 34. Rde1
Bh4 35. Rf1 Bd8 36. e5 dxe5 37. fxe5 Nxe5 38. Rfe1 Bc7 39. d6 Bxd6 40. Nxd6
Qxd6 41. Bc3 c4 42. Qxb7 f6 43. Bd5+ Kh8 44. Rxe5 fxe5 45. Rxe5 Rxe5 46. Qxc8+
Kg7 47. Qe6 1-0

[Event "Elit(Wasa-Limhamn)"]
[Site "?"]
[Date "2007.03.16"]
[Round "9"]
[White "Hellborg, Teodor"]
[Black "Hellers, Ferdinand"]
[Result "1-0"]
[WhiteElo "2389"]
[BlackElo "2640"]
[PlyCount "81"]
[EventDate "2007.??.??"]

1. d4 Nf6 2. c4 e6 3. Nc3 d5 4. cxd5 exd5 5. Bg5 Be7 6. e3 c6 7. Qc2 Nbd7 8.
Bd3 Nh5 9. Bxe7 Qxe7 10. Nge2 Nb6 11. Rb1 a5 12. O-O g6 13. Na4 Nxa4 14. Qxa4
Bd7 15. Qb3 Qb4 16. Qc3 O-O 17. a3 Qd6 18. Qc5 Qb8 19. a4 b6 20. Qc3 Qa7 21. b4
axb4 22. Rxb4 c5 23. dxc5 bxc5 24. Rh4 c4 25. Bc2 Bxa4 26. Bxa4 Qxa4 27. g4 Ng7
28. Qe5 Ne6 29. Nc3 Qa3 30. Nxd5 Rfd8 31. Nf6+ Kf8 32. Nxh7+ Ke7 33. Qf6+ Ke8
34. Ng5 Qe7 35. Rh8+ Nf8 36. Qc6+ Qd7 37. Qc5 Qe7 38. Qb5+ Qd7 39. Qe5+ Qe7 40.
Rxf8+ Kxf8 41. Qh8# 1-0

[Event "Elit(Wasa-Limhamn)"]
[Site "?"]
[Date "2007.03.16"]
[Round "9"]
[White "Astrom, Goran"]
[Black "Hector, Jonny"]
[Result "0-1"]
[WhiteElo "2300"]
[BlackElo "2638"]
[PlyCount "70"]
[EventDate "2007.??.??"]

1. e4 e5 2. Nf3 Nc6 3. Bb5 a6 4. Ba4 Nf6 5. O-O Bc5 6. d3 d6 7. c3 Ba7 8. Re1
O-O 9. h3 Ne7 10. Nbd2 Ng6 11. Nf1 Nh5 12. d4 Nhf4 13. Ng3 h6 14. Be3 Qf6 15.
Kh1 Rd8 16. Bc2 c6 17. Nf5 Nd5 18. exd5 Bxf5 19. dxc6 bxc6 20. dxe5 dxe5 21.
Qb1 Bb8 22. Be4 Qe6 23. Kg1 Bxe4 24. Qxe4 f5 25. Qc2 Bc7 26. Qb3 Rd5 27. Rad1
Rb8 28. Qc2 Rbd8 29. b3 e4 30. Rxd5 Qxd5 31. Nh2 Ne5 32. Nf1 Nd3 33. Re2 f4 34.
Bc1 Bb6 35. Nd2 Nxf2 0-1

[Event "Elit(Wasa-Limhamn)"]
[Site "?"]
[Date "2007.03.16"]
[Round "9"]
[White "Eriksson, Magnus"]
[Black "Collett, Peter"]
[Result "1-0"]
[WhiteElo "2437"]
[BlackElo "2219"]
[PlyCount "65"]
[EventDate "2007.??.??"]

1. d4 Nf6 2. c4 e6 3. Nc3 Bb4 4. e3 b6 5. Bd3 Bb7 6. Nf3 Ne4 7. Qc2 f5 8. O-O
Bxc3 9. bxc3 O-O 10. Ne1 Qh4 11. f3 Ng5 12. Qe2 d6 13. g3 Qh5 14. h4 Nf7 15.
Ng2 Nd8 16. Bd2 Nbc6 17. g4 Qe8 18. e4 fxg4 19. fxg4 Rxf1+ 20. Rxf1 e5 21. d5
Nb8 22. h5 Nd7 23. Nh4 Nc5 24. Bc2 Nf7 25. g5 Nh8 26. Rf2 g6 27. hxg6 hxg6 28.
Rf6 Rd8 29. Be3 Bc8 30. Qg2 Kg7 31. Qh1 Kg8 32. Bd1 Ba6 33. Nxg6 1-0

[Event "Elit(Wasa-Limhamn)"]
[Site "?"]
[Date "2007.03.16"]
[Round "9"]
[White "Berkell, Peder"]
[Black "Nylen, Anders"]
[Result "1-0"]
[WhiteElo "2218"]
[BlackElo "2266"]
[PlyCount "67"]
[EventDate "2007.??.??"]

1. e4 c5 2. Nf3 d6 3. d3 Nc6 4. g3 g6 5. Bg2 Bg7 6. O-O e6 7. c3 Nge7 8. d4
cxd4 9. cxd4 Qb6 10. Nc3 O-O 11. Na4 Qa5 12. Be3 Bd7 13. Nc3 Rfc8 14. Qd2 Rab8
15. Bg5 Re8 16. Bh6 Bh8 17. h3 b5 18. g4 Qb6 19. Ne2 Rbc8 20. Rad1 a5 21. Qg5
Nd8 22. Qh4 f6 23. e5 Nd5 24. Nf4 Nf7 25. Nxd5 exd5 26. exf6 Qd8 27. Ng5 Bxf6
28. Bxd5 Re7 29. Nxf7 Bxh4 30. Nxd8+ Kh8 31. Nf7+ Rxf7 32. Bxf7 g5 33. Rc1 Rd8
34. Rfe1 1-0

[Event "Elit(Wasa-Limhamn)"]
[Site "?"]
[Date "2007.03.16"]
[Round "9"]
[White "Andersson, Christin"]
[Black "Nordstrom, Felix"]
[Result "0-1"]
[WhiteElo "2291"]
[BlackElo "2143"]
[PlyCount "96"]
[EventDate "2007.??.??"]

1. e4 c5 2. Nf3 e6 3. Nc3 a6 4. d4 cxd4 5. Nxd4 Qc7 6. a3 Nc6 7. Be3 Nf6 8. Be2
Be7 9. O-O O-O 10. f4 d6 11. Bf3 Re8 12. Nb3 b5 13. g4 Bb7 14. g5 Nd7 15. Qe2
Nc5 16. Nxc5 dxc5 17. Bg2 Nd4 18. Qf2 Red8 19. Kh1 Rd7 20. h4 Rad8 21. Rad1 a5
22. Bxd4 cxd4 23. Nxb5 Qc4 24. f5 Qxb5 25. fxe6 fxe6 26. Qf7+ Kh8 27. Qxe6 Qc6
28. Qf5 Qxc2 29. h5 Qe2 30. Bf3 Qe3 31. g6 Qg5 32. Bg2 d3 33. Qxg5 Bxg5 34. Rf5
Bf6 35. b3 a4 36. b4 Re7 37. Ra5 Bxe4 38. Kg1 hxg6 39. hxg6 Bxg6 40. Kf2 d2 41.
Rh1+ Kg8 42. Bd5+ Bf7 43. Bf3 Bb3 44. Rah5 d1=Q 45. Rh8+ Kf7 46. Bxd1 Rxd1 47.
b5 Rxh1 48. Rxh1 Rb7 0-1

[Event "Elit(Wasa-Limhamn)"]
[Site "?"]
[Date "2007.03.16"]
[Round "9"]
[White "Cleanthous, Demetris"]
[Black "Penalver, Osmani"]
[Result "0-1"]
[WhiteElo "1997"]
[BlackElo "2250"]
[PlyCount "120"]
[EventDate "2007.??.??"]

1. d4 Nf6 2. c4 e6 3. Nc3 Bb4 4. Nf3 b6 5. Qb3 c5 6. a3 cxd4 7. axb4 dxc3 8.
bxc3 O-O 9. g3 Bb7 10. Bg2 Qc7 11. Bf4 d6 12. O-O e5 13. Bg5 Ne4 14. Be3 Rc8
15. c5 dxc5 16. bxc5 Nxc5 17. Bxc5 bxc5 18. Rfb1 Be4 19. Ng5 Bxg2 20. Kxg2 h6
21. Ne4 Nd7 22. Qb7 Rab8 23. Qxc7 Rxc7 24. Rxb8+ Nxb8 25. Rd1 Nd7 26. Ra1 Nb6
27. g4 Kf8 28. Ra5 Nd7 29. h3 Ke7 30. e3 Ke6 31. Ra6+ Nb6 32. Kf3 Kd5 33. Nd2
Kc6 34. Ra5 Nd5 35. Ra3 Nb6 36. Ra5 Kd5 37. e4+ Kc6 38. Ke2 f6 39. Nb3 Kd6 40.
Ra6 c4 41. Nc1 Kc6 42. Ra5 Nd7 43. Na2 Nc5 44. Nb4+ Kb6 45. Ra3 Rd7 46. Nd5+
Kb5 47. f3 a5 48. h4 Ne6 49. Ke3 Nc7 50. Nxc7+ Rxc7 51. Ra2 Rd7 52. Ke2 Rd3 53.
Rb2+ Ka6 54. Rb8 Rxc3 55. Ra8+ Kb6 56. Rb8+ Kc5 57. Rc8+ Kb4 58. Rb8+ Ka3 59.
Rb7 Rb3 60. Rxg7 Kb2 0-1

[Event "Elit(Manhem-Vasteras)"]
[Site "?"]
[Date "2007.03.16"]
[Round "9"]
[White "Eriksson, Johan"]
[Black "Akesson, Joel"]
[Result "1-0"]
[WhiteElo "2448"]
[BlackElo "2375"]
[PlyCount "73"]
[EventDate "2007.??.??"]
[SourceDate "2007.03.17"]

1. d4 d5 2. c4 c6 3. Nc3 Nf6 4. e3 e6 5. Nf3 a6 6. Be2 dxc4 7. Bxc4 b5 8. Bb3
c5 9. O-O Bb7 10. e4 c4 11. Bc2 b4 12. e5 Nd5 13. Ne4 h6 14. Nfd2 Nb6 15. Nc5
Bd5 16. Nde4 N8d7 17. Qg4 Qc7 18. Be3 Qc6 19. f3 a5 20. b3 a4 21. bxa4 c3 22.
Bf2 Nc4 23. Bd3 Nxc5 24. Nxc5 Rxa4 25. Nxa4 Qxa4 26. f4 g6 27. Bxg6 Rg8 28.
Bxf7+ Kxf7 29. Qh5+ Kg7 30. f5 Kh7 31. Bg3 Ne3 32. Qf7+ Rg7 33. Qxf8 Nxf1 34.
f6 Rc7 35. f7 Qa8 36. Qxa8 Bxa8 37. f8=Q 1-0

[Event "Elit(Manhem-Vasteras)"]
[Site "?"]
[Date "2007.03.16"]
[Round "9"]
[White "Nithander, Victor"]
[Black "Eriksson, Jonas"]
[Result "1-0"]
[WhiteElo "2420"]
[BlackElo "2352"]
[PlyCount "63"]
[EventDate "2007.??.??"]

1. e4 Nf6 2. e5 Nd5 3. d4 d6 4. Nf3 dxe5 5. Nxe5 c6 6. Be2 Bf5 7. g4 Bc8 8. c4
Nc7 9. Be3 f6 10. Nd3 Ne6 11. Nc1 Nc7 12. Nc3 e5 13. Nb3 exd4 14. Nxd4 Ne6 15.
Qd3 Nxd4 16. Bxd4 c5 17. Qe3+ Kf7 18. Bxc5 Bxc5 19. Qxc5 Na6 20. Qh5+ g6 21.
Qh6 Nb4 22. O-O Be6 23. Rad1 Qf8 24. Qf4 Qb8 25. Rd6 g5 26. Qd2 Rd8 27. Ne4 Nc6
28. f4 Rxd6 29. Nxd6+ Ke7 30. c5 h6 31. Qd3 Nd8 32. fxg5 1-0

[Event "Elit(Manhem-Vasteras)"]
[Site "?"]
[Date "2007.03.16"]
[Round "9"]
[White "Norberg, Johan"]
[Black "Olausson, Claes-Goran"]
[Result "1/2-1/2"]
[WhiteElo "2349"]
[BlackElo "2389"]
[PlyCount "47"]
[EventDate "2007.??.??"]

1. e4 c5 2. Nc3 Nc6 3. g3 g6 4. Bg2 Bg7 5. d3 d6 6. f4 e6 7. Nf3 Nge7 8. O-O
O-O 9. Be3 Nd4 10. Qd2 Nec6 11. Nd1 f5 12. Ne1 e5 13. c3 Ne6 14. Nf3 Qc7 15.
Nf2 b6 16. Nh3 Ba6 17. Nfg5 Nxg5 18. Nxg5 exf4 19. Bxf4 Rae8 20. exf5 Rxf5 21.
Be4 Rf6 22. Bd5+ Kh8 23. Qg2 Ne5 24. Bxe5 1/2-1/2

[Event "Elit(Manhem-Vasteras)"]
[Site "?"]
[Date "2007.03.16"]
[Round "9"]
[White "Moberg, Karl Johan"]
[Black "Eriksson, Anders"]
[Result "1/2-1/2"]
[WhiteElo "2338"]
[BlackElo "2393"]
[PlyCount "103"]
[EventDate "2007.??.??"]

1. d4 Nf6 2. c4 e6 3. Nf3 Bb4+ 4. Nbd2 O-O 5. e3 c5 6. a3 Bxd2+ 7. Bxd2 b6 8.
Be2 Ne4 9. O-O Bb7 10. dxc5 bxc5 11. Qc2 d6 12. Rfd1 f5 13. Be1 Nd7 14. Nd2 Qg5
15. Bf1 e5 16. Nxe4 Bxe4 17. Qe2 Rf6 18. f3 Bc6 19. b4 Rg6 20. Rd2 Re8 21. Kh1
Rh6 22. Bf2 e4 23. f4 Qf6 24. Rad1 Re6 25. Be1 Nb6 26. bxc5 dxc5 27. Rd8+ Re8
28. Qd2 Qe7 29. Rxe8+ Qxe8 30. Qd8 Qxd8 31. Rxd8+ Kf7 32. Bc3 Ke7 33. Rd2 Kf7
34. Be2 Re6 35. Kg1 g6 36. Kf2 Re7 37. Be5 Ba4 38. Bd6 Rd7 39. Ke1 Bb3 40. Bxc5
Rc7 41. Bxb6 axb6 42. Rb2 Bxc4 43. Rc2 b5 44. a4 Rc6 45. a5 Ke7 46. Bxc4 bxc4
47. Ra2 Ra6 48. Kd2 Kd6 49. Kc3 Kc5 50. h3 h5 51. h4 Kb5 52. Rb2+ 1/2-1/2

[Event "Elit(Manhem-Vasteras)"]
[Site "?"]
[Date "2007.03.16"]
[Round "9"]
[White "Norberg, Erik"]
[Black "Schneider, Lars-Ake"]
[Result "1-0"]
[WhiteElo "2262"]
[BlackElo "2338"]
[PlyCount "67"]
[EventDate "2007.??.??"]

1. g3 c5 2. Bg2 Nc6 3. c4 g6 4. Nc3 Bg7 5. d3 d6 6. e4 e6 7. Nge2 Nge7 8. O-O
O-O 9. Be3 Nd4 10. Qd2 Nec6 11. Bh6 Bxh6 12. Qxh6 Qf6 13. Rab1 Bd7 14. Qe3 Rab8
15. f4 Qg7 16. a3 Nxe2+ 17. Nxe2 b5 18. cxb5 Rxb5 19. Nc3 Rb6 20. e5 dxe5 21.
Qxc5 exf4 22. Rxf4 Ne5 23. Qe3 Bc6 24. Bxc6 Nxc6 25. Ne4 f5 26. Nc5 e5 27. Rf2
Rfb8 28. Na4 Rb3 29. Qc5 Nd4 30. Re1 R3b5 31. Qd6 h5 32. Nc3 Rxb2 33. Rxe5 Nc6
34. Re6 1-0

[Event "Elit(Manhem-Vasteras)"]
[Site "?"]
[Date "2007.03.16"]
[Round "9"]
[White "Kinnmark, Ove"]
[Black "Nilsson, Andre"]
[Result "1/2-1/2"]
[WhiteElo "2264"]
[BlackElo "2309"]
[PlyCount "48"]
[EventDate "2007.??.??"]

1. Nf3 g6 2. e4 Bg7 3. d4 d6 4. h3 Nf6 5. Nc3 O-O 6. Bg5 c6 7. a4 Nbd7 8. Be2
e5 9. O-O h6 10. Be3 Qe7 11. dxe5 dxe5 12. Qc1 Kh7 13. Nd2 Nc5 14. a5 Ne6 15.
Na4 Nd7 16. Re1 Ndc5 17. b3 Nxa4 18. Rxa4 Re8 19. c3 Bf6 20. Ra2 Bg5 21. Nc4
Nf4 22. Bf1 Be6 23. Rd2 Bxc4 24. Bxc4 Ne6 1/2-1/2

[Event "Elit(Manhem-Vasteras)"]
[Site "?"]
[Date "2007.03.16"]
[Round "9"]
[White "Wikstrom, Per"]
[Black "Backlund, Anders"]
[Result "0-1"]
[WhiteElo "2164"]
[BlackElo "2247"]
[PlyCount "128"]
[EventDate "2007.??.??"]

1. d4 e6 2. Nf3 Nf6 3. Bf4 d5 4. e3 Bd6 5. Bg3 O-O 6. Nbd2 c5 7. c3 b6 8. Bd3
Ba6 9. Qe2 Bxd3 10. Qxd3 Nc6 11. O-O Bxg3 12. hxg3 Qd6 13. Rad1 e5 14. Qf5 cxd4
15. exd4 e4 16. Ne5 Rae8 17. Nxc6 Qxc6 18. Rfe1 g6 19. Qg5 Kg7 20. Nf1 h6 21.
Qh4 Nh7 22. Ne3 f5 23. c4 dxc4 24. d5 Qc5 25. Re2 Nf6 26. Rc2 b5 27. b3 c3 28.
Qf4 b4 29. g4 Nxg4 30. Nxg4 fxg4 31. Qe3 Qxe3 32. fxe3 g3 33. Rd4 a5 34. a3 Rf2
35. Rc1 bxa3 36. Rxc3 a2 37. Rc1 Rc8 38. Ra1 Rcc2 39. d6 Rxg2+ 40. Kh1 Rh2+ 41.
Kg1 Rcg2+ 42. Kf1 Rd2 43. Rxd2 Rxd2 44. d7 Rxd7 45. Rxa2 Rd3 46. Rxa5 Rxb3 47.
Ke2 Rb2+ 48. Kf1 Rf2+ 49. Kg1 Rf3 50. Ra7+ Kf6 51. Ra6+ Kg5 52. Ra5+ Kg4 53.
Ra6 Kh5 54. Kg2 Rxe3 55. Re6 g5 56. Kh3 g4+ 57. Kg2 Kg5 58. Re8 h5 59. Re5+ Kh4
60. Kg1 Re1+ 61. Kg2 e3 62. Re4 Re2+ 63. Kf1 g2+ 64. Kg1 Kh3 0-1

[Event "Elit(Manhem-Vasteras)"]
[Site "?"]
[Date "2007.03.16"]
[Round "9"]
[White "Sagit, Rauan"]
[Black "Kimari, Patrick"]
[Result "1-0"]
[WhiteElo "2299"]
[BlackElo "2144"]
[PlyCount "67"]
[EventDate "2007.??.??"]

1. e4 d5 2. exd5 Nf6 3. d4 Nxd5 4. Nf3 Bg4 5. h3 Bf5 6. Bd3 Bxd3 7. Qxd3 Nd7 8.
Qb3 e6 9. Qxb7 Bd6 10. Qb5 O-O 11. O-O Rb8 12. Qe2 Qf6 13. c4 Nf4 14. Bxf4 Bxf4
15. Nc3 c5 16. Ne4 Qe7 17. Rad1 Rfc8 18. b3 a5 19. Nc3 Nb6 20. Qe4 Qf6 21. dxc5
Rxc5 22. Qd3 Rcc8 23. Ne4 Qb2 24. g3 Bc7 25. Rd2 Qa3 26. Neg5 g6 27. Ne4 a4 28.
Nf6+ Kg7 29. Qc3 e5 30. Nxe5 axb3 31. Nh5+ gxh5 32. Ng4+ Kg8 33. Nh6+ Kf8 34.
Qh8+ 1-0

[Event "Elit(LASK-Eksjo)"]
[Site "?"]
[Date "2007.03.16"]
[Round "9"]
[White "Gdanski, Jacek"]
[Black "Hall, Jesper"]
[Result "1/2-1/2"]
[WhiteElo "2576"]
[BlackElo "2530"]
[PlyCount "25"]
[EventDate "2007.??.??"]
[SourceDate "2007.03.17"]

1. e4 e6 2. d4 d5 3. Nc3 Nc6 4. Nf3 Nf6 5. e5 Ne4 6. Ne2 f6 7. exf6 Nxf6 8. Ng3
Bd6 9. Bb5 O-O 10. O-O a6 11. Bxc6 bxc6 12. c4 c5 13. dxc5 1/2-1/2

[Event "Elit(LASK-Eksjo)"]
[Site "?"]
[Date "2007.03.16"]
[Round "9"]
[White "Tikkanen, Hans"]
[Black "Vernersson, Per"]
[Result "1/2-1/2"]
[WhiteElo "2430"]
[BlackElo "2468"]
[PlyCount "69"]
[EventDate "2007.??.??"]

1. d4 d5 2. c4 dxc4 3. Nf3 Nf6 4. e3 e6 5. Bxc4 c5 6. O-O a6 7. Qe2 Nc6 8. Bb3
Qc7 9. Rd1 Bd6 10. Nc3 O-O 11. h3 b6 12. dxc5 Bxc5 13. e4 Nd7 14. Na4 Be7 15.
Be3 b5 16. Nc3 Nc5 17. Bxc5 Bxc5 18. Rac1 Qb6 19. e5 Nd4 20. Nxd4 Bxd4 21. Bc2
g6 22. Be4 Rb8 23. Bf3 Bb7 24. Bxb7 Rxb7 25. Rc2 Rbb8 26. Qe4 Rfd8 27. Rcd2
Bxc3 28. bxc3 Rxd2 29. Rxd2 Rc8 30. Rd7 Qc6 31. Rd8+ Kg7 32. Qh4 Rxd8 33. Qf6+
Kg8 34. Qxd8+ Kg7 35. Qf6+ 1/2-1/2

[Event "Elit(LASK-Eksjo)"]
[Site "?"]
[Date "2007.03.16"]
[Round "9"]
[White "Schussler, Harry"]
[Black "Semcesen, Daniel"]
[Result "1/2-1/2"]
[WhiteElo "2439"]
[BlackElo "2411"]
[PlyCount "47"]
[EventDate "2007.??.??"]

1. d4 d5 2. Nf3 Nf6 3. c4 c6 4. Qc2 dxc4 5. Qxc4 Bg4 6. Bg5 Nbd7 7. Nbd2 Qb6 8.
e3 e6 9. Be2 h6 10. Bh4 Be7 11. O-O O-O 12. Qb3 Rfe8 13. h3 Bh5 14. Rac1 Qxb3
15. Nxb3 Bd6 16. Bxf6 Nxf6 17. Rfd1 Rad8 18. Kf1 Nd7 19. Na5 Rb8 20. a3 Bc7 21.
Nc4 f6 22. Ne1 Bf7 23. Nd3 Rbd8 24. b4 1/2-1/2

[Event "Elit(LASK-Eksjo)"]
[Site "?"]
[Date "2007.03.16"]
[Round "9"]
[White "Lund, Esben"]
[Black "Rothen, Hakan"]
[Result "1-0"]
[WhiteElo "2353"]
[BlackElo "2316"]
[PlyCount "81"]
[EventDate "2007.??.??"]

1. d4 Nf6 2. c4 g6 3. Nc3 Bg7 4. e4 d6 5. Be2 O-O 6. Nf3 e5 7. dxe5 dxe5 8.
Qxd8 Rxd8 9. Bg5 Re8 10. O-O-O Ng4 11. Bh4 c6 12. h3 Nh6 13. Ne1 Na6 14. Nc2
Nc5 15. g4 Kf8 16. f3 Ne6 17. Bf2 Nf4 18. Bc5+ Kg8 19. g5 Nxh3 20. gxh6 Bxh6+
21. Kb1 Bg5 22. Bf1 Nf4 23. Bf2 Be6 24. Ne3 Rad8 25. Kc2 Kg7 26. b3 b6 27. Rh2
h5 28. a4 Be7 29. Rxd8 Rxd8 30. Ng2 Nxg2 31. Rxg2 g5 32. a5 c5 33. Nd5 Bxd5 34.
cxd5 f5 35. exf5 Rxd5 36. Be3 Kh6 37. a6 Rd7 38. Rd2 Rc7 39. Rd5 Bf6 40. Rd6
Kg7 41. Bxg5 1-0

[Event "Elit(LASK-Eksjo)"]
[Site "?"]
[Date "2007.03.16"]
[Round "9"]
[White "Ornstein, Axel"]
[Black "Niklasson, Christer"]
[Result "1-0"]
[WhiteElo "2412"]
[BlackElo "2414"]
[PlyCount "87"]
[EventDate "2007.??.??"]

1. d4 f5 2. Nc3 d5 3. Bf4 Nf6 4. e3 e6 5. Nf3 c6 6. Bd3 Be7 7. O-O O-O 8. Ne5
Ne4 9. f3 Nxc3 10. bxc3 Nd7 11. c4 Nxe5 12. Bxe5 Bd6 13. f4 Bxe5 14. fxe5 Bd7
15. Qd2 b5 16. cxb5 cxb5 17. a4 bxa4 18. c4 Bc6 19. c5 Qd7 20. Ra2 Rfb8 21. Bc2
a5 22. Rfa1 Rb4 23. Qd1 Ra7 24. Bxa4 Bxa4 25. Rxa4 Rxa4 26. Qxa4 Qxa4 27. Rxa4
Kf7 28. Kf2 Ke7 29. Ke2 Kd7 30. Kd3 g5 31. Kc3 Kc7 32. Ra2 h5 33. g3 Ra8 34.
Kb3 Ra7 35. h4 g4 36. Kc2 Ra8 37. Kb3 Ra6 38. Ka4 Ra8 39. Rb2 Ra6 40. Rb5 Ra8
41. Rb6 Kd7 42. Rb7+ Kd8 43. Rh7 Rb8 44. Rh8+ 1-0

[Event "Elit(LASK-Eksjo)"]
[Site "?"]
[Date "2007.03.16"]
[Round "9"]
[White "Smith, Axel"]
[Black "Thornert, Hakan"]
[Result "0-1"]
[WhiteElo "2343"]
[BlackElo "2242"]
[PlyCount "50"]
[EventDate "2007.??.??"]

1. e4 c5 2. Nf3 d6 3. d4 cxd4 4. Nxd4 Nf6 5. Nc3 g6 6. Be3 Bg7 7. f3 Nc6 8. Qd2
O-O 9. Bc4 Bd7 10. O-O-O Qb8 11. h4 b5 12. Ndxb5 Rc8 13. Be2 Nb4 14. a3 Rxc3
15. axb4 Rxe3 16. Qxe3 Bxb5 17. c3 a5 18. c4 Ba4 19. b3 Qxb4 20. Kc2 Rb8 21.
Rb1 Nd7 22. Rhf1 Nc5 23. bxa4 Qxa4+ 24. Kc1 Nb3+ 25. Rxb3 Rxb3 0-1

[Event "Elit(LASK-Eksjo)"]
[Site "?"]
[Date "2007.03.16"]
[Round "9"]
[White "Krantz, Christopher"]
[Black "Dragicevic, Drazen"]
[Result "0-1"]
[WhiteElo "2197"]
[BlackElo "2303"]
[PlyCount "82"]
[EventDate "2007.??.??"]

1. d4 Nf6 2. c4 g6 3. Nc3 d5 4. Nf3 Bg7 5. Bg5 Ne4 6. cxd5 Nxg5 7. Nxg5 e6 8.
Nf3 exd5 9. e3 O-O 10. Bd3 b6 11. O-O c5 12. dxc5 bxc5 13. Qa4 Bb7 14. Be2 Nd7
15. Rfd1 Nb6 16. Qa5 Qe7 17. Ba6 Rac8 18. Bxb7 Qxb7 19. Qb5 Rfd8 20. Rac1 d4
21. exd4 cxd4 22. Na4 Rxc1 23. Rxc1 d3 24. Nxb6 axb6 25. Rd1 Qc7 26. Qb3 Bf8
27. Qc3 Qf4 28. h3 Bb4 29. Qe5 Qc4 30. Ne1 d2 31. Nf3 Qc2 32. Qe2 Qxb2 33. a4
Qc2 34. Ne5 Re8 35. f4 f6 36. Qb5 Qxd1+ 37. Kh2 Rf8 38. Qd5+ Kh8 39. Nf7+ Kg7
40. Nd8 Rxd8 41. Qxd8 Qe1 0-1

[Event "Elit(LASK-Eksjo)"]
[Site "?"]
[Date "2007.03.16"]
[Round "9"]
[White "Nilsson, Sebastian"]
[Black "de Verdier, Michael"]
[Result "1-0"]
[WhiteElo "2289"]
[BlackElo "2224"]
[PlyCount "54"]
[EventDate "2007.??.??"]

1. e4 e6 2. d4 d5 3. Nc3 Bb4 4. e5 c5 5. a3 Bxc3+ 6. bxc3 Ne7 7. Qg4 O-O 8. Bd3
Qa5 9. Bd2 Nbc6 10. Nf3 f5 11. exf6 Rxf6 12. Qh5 Nf5 13. c4 Qa4 14. g4 dxc4 15.
Be4 Ncxd4 16. gxf5 Nxc2+ 17. Kf1 c3 18. Bxc3 Qc4+ 19. Kg2 Qxe4 20. Bxf6 gxf6
21. Qe8+ Kg7 22. Qe7+ Kg8 23. Rhg1 exf5 24. Kh1+ Qg4 25. Rad1 Nd4 26. Nxd4 cxd4
27. Rxd4 Qg3 1-0

[Event "Elit(Rockaden,Umea-Skara)"]
[Site "?"]
[Date "2007.03.16"]
[Round "9"]
[White "Kotronias, Vasilios"]
[Black "Engman, Rickard"]
[Result "1-0"]
[WhiteElo "2704"]
[BlackElo "2298"]
[PlyCount "103"]
[EventDate "2007.??.??"]
[SourceDate "2007.03.17"]

1. e4 e5 2. Nf3 Nc6 3. Bb5 a6 4. Ba4 Nf6 5. O-O Be7 6. Re1 b5 7. Bb3 O-O 8. c3
d5 9. exd5 Nxd5 10. Nxe5 Nxe5 11. Rxe5 c6 12. Re1 Bd6 13. g3 Qd7 14. d3 Qh3 15.
Re4 Qf5 16. Nd2 Qg6 17. Re1 f5 18. f4 Bxf4 19. Qf3 Bb8 20. Bxd5+ cxd5 21. Nb3
Ba7+ 22. d4 Be6 23. Bf4 Bf7 24. Re7 Rfe8 25. Rae1 Rxe7 26. Rxe7 Bb6 27. Nc1 Kf8
28. Rd7 Rd8 29. Rxd8+ Bxd8 30. Nd3 Be7 31. Qe2 Qe6 32. Be5 g5 33. Kf2 Bg6 34.
Ke1 Kg8 35. Kd2 h5 36. Nc5 Bxc5 37. dxc5 Kf7 38. Qe3 a5 39. Qd4 h4 40. gxh4
gxh4 41. Qf4 h3 42. Ke3 b4 43. cxb4 axb4 44. Kf2 Bh5 45. c6 Qg6 46. Qg3 Bg4 47.
c7 Qh6 48. Qxg4 fxg4 49. c8=Q Qd2+ 50. Kg3 Qe3+ 51. Kxg4 Qxe5 52. Qf5+ 1-0

[Event "Elit(Rockaden,Umea-Skara)"]
[Site "?"]
[Date "2007.03.16"]
[Round "9"]
[White "Malmstig, Erik"]
[Black "Hillarp Persson, Tiger"]
[Result "0-1"]
[WhiteElo "2315"]
[BlackElo "2610"]
[PlyCount "92"]
[EventDate "2007.??.??"]

1. d4 d5 2. c4 c6 3. Nf3 Nf6 4. Nc3 e6 5. e3 Nbd7 6. a3 Bd6 7. b4 O-O 8. Bb2
Qe7 9. h3 Rd8 10. Qb3 e5 11. cxd5 cxd5 12. Nxd5 Nxd5 13. Qxd5 Nb6 14. Qa5 e4
15. Nd2 Bd7 16. Bb5 Rac8 17. Bxd7 Qxd7 18. Qh5 Na4 19. Bc1 g6 20. Qg5 f5 21.
O-O Nc3 22. Re1 Kg7 23. Nb3 Qf7 24. Nc5 h6 25. Qxd8 Rxd8 26. Bb2 Nd5 27. Rac1
b6 28. Nb3 Qd7 29. Nd2 Rc8 30. Rxc8 Qxc8 31. Rc1 Qd7 32. Nc4 Bb8 33. g3 Kf7 34.
Nd2 h5 35. h4 Ke6 36. Kg2 a5 37. bxa5 bxa5 38. Nb3 Bd6 39. Rc5 Ke7 40. Rxa5 Qb7
41. Nc5 Nxe3+ 42. Kh3 Bxc5 43. dxc5 Nc4 44. c6 Qxb2 45. c7 Nd6 46. Ra6 Qb7 0-1

[Event "Elit(Rockaden,Umea-Skara)"]
[Site "?"]
[Date "2007.03.16"]
[Round "9"]
[White "Djurhuus, Rune"]
[Black "Mardell, Jimmy"]
[Result "1-0"]
[WhiteElo "2573"]
[BlackElo "2248"]
[PlyCount "31"]
[EventDate "2007.??.??"]

1. Nf3 Nf6 2. c4 c5 3. Nc3 d5 4. cxd5 Nxd5 5. g3 Nc7 6. d4 cxd4 7. Qxd4 Qxd4 8.
Nxd4 a6 9. Bf4 Ne6 10. Nd5 Nxd4 11. Nc7+ Kd8 12. O-O-O Nbc6 13. Nxa8 f6 14.
Bc7+ Ke8 15. e3 Ne6 16. Bb6 1-0

[Event "Elit(Rockaden,Umea-Skara)"]
[Site "?"]
[Date "2007.03.16"]
[Round "9"]
[White "Lindgren, Fredrik"]
[Black "Cicak, Slavko"]
[Result "0-1"]
[WhiteElo "2278"]
[BlackElo "2569"]
[PlyCount "84"]
[EventDate "2007.??.??"]

1. e4 c5 2. Nf3 d6 3. d4 cxd4 4. Nxd4 Nf6 5. Nc3 Nc6 6. Be3 e6 7. f3 Be7 8. Qd2
O-O 9. O-O-O d5 10. exd5 Nxd5 11. Nxd5 Qxd5 12. Nb3 Nb4 13. a3 Qxd2+ 14. Bxd2
Nd5 15. c4 Nb6 16. Be3 e5 17. c5 Be6 18. cxb6 Bxb3 19. Rd7 Rfd8 20. Bb5 Rxd7
21. Bxd7 axb6 22. Bxb6 Bg5+ 23. Kb1 Ra6 24. Bc7 f6 25. Re1 Kf7 26. g3 Bd2 27.
Re2 Bh6 28. Bb5 Ra8 29. Bb6 Rc8 30. Be3 Bd1 31. Rd2 Bxf3 32. Bxh6 gxh6 33. Ka2
Rc1 34. Rd7+ Ke6 35. a4 Bd5+ 36. Ka3 e4 37. Rd8 Rc2 38. a5 Rxh2 39. Kb4 Rxb2+
40. Kc5 Rc2+ 41. Kb6 Ke5 42. Rd7 Rb2 0-1

[Event "Elit(Rockaden,Umea-Skara)"]
[Site "?"]
[Date "2007.03.16"]
[Round "9"]
[White "Eklund, Lars-Goran"]
[Black "Forsberg, Viktor"]
[Result "1/2-1/2"]
[WhiteElo "2370"]
[BlackElo "2257"]
[PlyCount "136"]
[EventDate "2007.??.??"]

1. Nf3 Nf6 2. c4 e6 3. Nc3 d5 4. d4 Be7 5. Bg5 h6 6. Bh4 O-O 7. Rc1 Ne4 8. Bxe7
Qxe7 9. e3 c6 10. Bd3 Nxc3 11. Rxc3 dxc4 12. Bxc4 Nd7 13. O-O b6 14. Qe2 c5 15.
Rfc1 e5 16. dxc5 Nxc5 17. Bd5 Ba6 18. Qc2 Rad8 19. e4 Rc8 20. Qd2 Bb7 21. Qe3
Rfe8 22. b4 Na4 23. Rxc8 Rxc8 24. Rxc8+ Bxc8 25. Qb3 b5 26. h3 Qc7 27. Qe3 Kh7
28. Bb3 f6 29. Qd3 Nc3 30. Nd2 Bb7 31. f3 a5 32. bxa5 Qxa5 33. Kh2 Qc7 34. Nf1
f5 35. Ng3 fxe4 36. Nxe4 Nxe4 37. fxe4 Qc1 38. Qf3 Qf4+ 39. Qxf4 exf4 40. Bc2
Kg6 41. e5+ Kf7 42. Bb3+ Kg6 43. Bc2+ Kg5 44. a3 h5 45. Kg1 Bd5 46. Kf2 h4 47.
Bd3 Bc6 48. Bc2 Kh6 49. Bf5 g5 50. Bc8 Kg7 51. e6 Kf6 52. Bd7 Bd5 53. Bxb5 Kxe6
54. a4 Kd6 55. a5 Kc7 56. Be2 Kb8 57. Bf3 Be6 58. Be2 Bd5 59. Bf3 Be6 60. Ke2
Ka7 61. Kd3 Ka6 62. Kd4 Kxa5 63. Ke5 Bxh3 64. gxh3 Kb6 65. Kf5 Kc5 66. Kxg5 Kd6
67. Kxh4 Ke6 68. Kg5 Kf7 1/2-1/2